Intelligent Manager (Record no. 4989)

MARC details
000 -LEADER
fixed length control field 00330nam a2200145Ia 4500
008 - FIXED-LENGTH DATA ELEMENTS--GENERAL INFORMATION
fixed length control field 191201s2009 xx 000 0 und d
082 ## - DEWEY DECIMAL CLASSIFICATION NUMBER
Classification number 338.836
Item number MUI
100 ## - MAIN ENTRY--PERSONAL NAME
Personal name MURALIDHARAN,V.S
245 #0 - TITLE STATEMENT
Title Intelligent Manager
250 ## - EDITION STATEMENT
Edition statement Rep
260 ## - PUBLICATION, DISTRIBUTION, ETC. (IMPRINT)
Place of publication, distribution, etc N. Delhi
Name of publisher, distributor, etc Ane Books
Date of publication, distribution, etc 2009
300 ## - PHYSICAL DESCRIPTION
Extent 434
650 ## - SUBJECT ADDED ENTRY--TOPICAL TERM
Topical term or geographic name as entry element BBA
942 ## - ADDED ENTRY ELEMENTS (KOHA)
Source of classification or shelving scheme Dewey Decimal Classification
Koha item type Text Books
Holdings
Withdrawn status Lost status Source of classification or shelving scheme Damaged status Not for loan Collection code Home library Current library Date acquired Source of acquisition Cost, normal purchase price Bill Number Total Checkouts Full call number Acc. no. / Barcode Checked out Date last seen Date last borrowed Bill Date Koha item type Public note
    Dewey Decimal Classification     GENERAL PIET C-LIBRARY PIET C-LIBRARY 30/07/2011 The book company 395.00 IN-859 1 658.409 MUI 18200 21/07/2022 22/01/2022 22/01/2022 27/07/2011 Text Books .
    Dewey Decimal Classification     GENERAL PIET C-LIBRARY PIET C-LIBRARY 30/07/2011 The book company 395.00 IN-859   658.409 MUI 18201   04/12/2019   27/07/2011 Text Books  
    Dewey Decimal Classification     GENERAL PIET C-LIBRARY PIET C-LIBRARY 30/07/2011 The book company 395.00 IN-859   338.836 MUI 18202   04/12/2019   27/07/2011 Text Books  
    Dewey Decimal Classification     GENERAL PIET C-LIBRARY PIET C-LIBRARY 30/07/2011 The book company 395.00 IN-859   658.409 MUI 18203   04/12/2019   27/07/2011 Text Books  
    Dewey Decimal Classification     GENERAL PIET C-LIBRARY PIET C-LIBRARY 30/07/2011 The book company 395.00 IN-859   658.409 MUI 18204   04/12/2019   27/07/2011 Text Books  

Design & Developed by: PIET Central Library
R70 Miles Stone Pattikalyana Samalkha Panipat 132102
mail ID :- [email protected], Phone No:- 0180-2569700 Ex.216